La bonne journée : 1er juin (2) : journée mondiale du... mort subite - Statistiques

Statistiques générales
  • Ce quiz a été pris 6 fois
  • Le résultat moyen est 2 sur 6
Answers on the Grid
Answers color-coded by a green-red scale on the quiz's grid according to % correct below.
Même si certains préfèrent le Beaujolais
Sans compter qu’il n’est pas assez long mon orvet
Sinon je me demande ce qu’on deviendrait
Et si j’arrêtais de manger du cassoulet ?
Tout ce qui vient des mamelles n’est pas mauvais
Quelle chance, je crois que je me reconnais !
Faut pas dire « Mort aux vaches », c’est vrai
Et comment les enlever tous mes bourrelets ?
Il faut continuer à en boire, tu sais
Aujourd’hui, c’est la journée mondiale du laid
Faut dire que ça n’arrange pas, un toupet
Aujourd’hui, c’est la journée mondiale du lait
 
Statistiques - réponses
Réponse % Correct
Même si certains préfèrent le Beaujolais
60%
Il faut continuer à en boire, tu sais
40%
Sinon je me demande ce qu’on deviendrait
40%
Tout ce qui vient des mamelles n’est pas mauvais
40%
Aujourd’hui, c’est la journée mondiale du lait
20%
Faut pas dire « Mort aux vaches », c’est vrai
20%
Aucun quiz correspondant
Distribution des résultats
% des personnes avec chaque résultat
Percentile par nombre de réponses
Votre historique - résultats
Vous n’avez pas pris ce quiz